000 00668nam a2200265Ia 4500
005 20260121170825.0
008 008 260114s9999 xx 000 0 eng d
020 _a9783319918938
037 _aEBOOK
040 _aCRL
040 _beng
040 _cCRL
041 _2eng
041 _aeng
084 _qCRL
100 _aIbrahim Dincer, Mehmet Akif Ezan
_91068598
245 0 _aHeat Storage: A Unique Solution For Energy Systems
260 _bSpringer
260 _bSpringer
260 _c2018
856 _uhttps://link.springer.com/openurl?genre=book&isbn=978-3-319-91893-8
942 _cEBOOK
999 _c1634328
_d1634328